000 00658cam a22002291 4500
001 sa 68015432
003 DLC
005 20260227112643.0
008 740129s1968 ii 00010 eng
010 _asa 68015432 //r89
025 _aPL480:I-E-10795
050 0 _aPE3501
_b.D9 1968
082 _a421/.5
100 1 0 _aDustoor, Phiroze Edulji,
_d1898-
245 1 4 _aThe world of words
_c[by] P. E. Dustoor.
260 0 _aBombay,
_aNew York,
_bAsia Pub. House
_c[1968]
300 _aviii, 292 p.
_c22 cm.
350 _a25.00
650 0 _aEnglish language
_zIndia.
650 0 _aEnglish language
_xPronunciation.
650 0 _aEnglish language
_xEtymology.
999 _c86445
_d86445